Т. 49, вып. 10; Журнал органической химии

Bibliografiske detaljer
Parent link:Журнал органической химии/ Российская академия наук (РАН) ; Отделение общей и технической химии. Т. 49, вып. 10.— , 1965-
Sprog:russisk
Udgivet: 2013
Format: MixedMaterials Bog
KOHA link:https://koha.lib.tpu.ru/cgi-bin/koha/opac-detail.pl?biblionumber=525619

MARC

LEADER 00000nam2a2200000 4500
001 525619
005 20231101111455.0
035 |a (RuTPU)RU\TPU\prd\208193 
090 |a 525619 
100 |a 20131216a19659999k y0rusy50 ca 
101 0 |a rus 
102 |a RU 
200 0 |a Т. 49, вып. 10 
210 |d 2013 
461 1 |0 (RuTPU)RU\TPU\prd\162  |t Журнал органической химии  |f Российская академия наук (РАН) ; Отделение общей и технической химии  |v Т. 49, вып. 10  |d 1965- 
801 0 |a RU  |b 63413507  |c 20010227  |g PSBO 
801 1 |a RU  |b 63413507  |c 20131216 
801 2 |a RU  |b 63413507  |c 20230411  |g RCR 
942 |c BK 
999 |a НТБ_ТПУ  |b НФ  |e -1/20130109  |p П-7288  |s 3/20130508  |u 0,00  |v 1